Podanie žiadosti podľa zákona o slobode informácií a zneužitie práva

Pojem zneuživanie práva. Rozhodnutie Najvyššieho súdu SR sp. zn. 3Sži 4/2014 k zneužívaniu práva na informácie.

Na minha lista:
Detalhes bibliográficos
Autor principal: Mičudová, Tatiana
Formato: Capítulo de Livro
Idioma:eslovaco
Assuntos:
Tags: Adicionar Tag
Sem tags, seja o primeiro a adicionar uma tag!

MARC

LEADER 00000naa a2200000 4500
001 0192670
005 20231208083152.9
041 0 |a slo 
044 |a SK 
245 1 0 |a Podanie žiadosti podľa zákona o slobode informácií a zneužitie práva  |c Tatiana Mičudová 
520 |a Pojem zneuživanie práva. Rozhodnutie Najvyššieho súdu SR sp. zn. 3Sži 4/2014 k zneužívaniu práva na informácie. 
610 2 0 |a Slovensko 
610 2 0 |a ústava 
610 2 0 |a ochrana informácií 
100 1 |a Mičudová, Tatiana